Defining the neighbourhood (Record no. 79063)

MARC details
000 -LEADER
fixed length control field 00998cab a22002055a 4500
001 - CONTROL NUMBER
control field L139667
008 - FIXED-LENGTH DATA ELEMENTS--GENERAL INFORMATION
fixed length control field 070803s2007 xxkd f s 000 0 eng d
035 ## - SYSTEM CONTROL NUMBER
System control number (Sirsi) u139667
041 0# - LANGUAGE CODE
Language code of text/sound track or separate title eng
100 1# - MAIN ENTRY--PERSONAL NAME
Personal name Jenks, Mike
245 00 - TITLE STATEMENT
Title Defining the neighbourhood
Remainder of title challenges for empirical research
260 ## - PUBLICATION, DISTRIBUTION, ETC.
Date of publication, distribution, etc. 2007
490 ## - SERIES STATEMENT
Series statement Town Planning Review
Volume/sequential designation 78(2) 2007, 155-177(25)
520 ## - SUMMARY, ETC.
Summary, etc. Attempts to define what is meant by the term neighbourhood, particularly for empirical research. While the term is often used as a viable and relevant setting, it is ambiguous and there is no consensus in definition. Refers to a review of existing interpretations of neighbourhood. Tests two objective methods of delineation. Compares objective mapping exercises against residents' perceptions. Concludes by examining the validity of the theory-based definitions.
590 ## - LOCAL NOTE (RLIN)
Local note KA
651 #4 - SUBJECT ADDED ENTRY--GEOGRAPHIC NAME
Geographic name United Kingdom
Chronological subdivision
690 ## - LOCAL SUBJECT ADDED ENTRY--TOPICAL TERM (OCLC, RLIN)
Topical term or geographic name as entry element Planning and development
9 (RLIN) 6259
700 1# - ADDED ENTRY--PERSONAL NAME
Personal name Dempsey, Nicola
942 ## - ADDED ENTRY ELEMENTS (KOHA)
Suppress in OPAC 0
Holdings
Withdrawn status Lost status Source of classification or shelving scheme Damaged status Not for loan Home library Current library Shelving location Date acquired Total Checkouts Full call number Barcode Date last seen Copy number Price effective from Koha item type
    Dewey Decimal Classification     London London Journal article 03/08/2007   L139667 139667-1001 06/08/2019 1 06/08/2019 Journal article